000 00341nam a22001217a 4500
008 180424b xxu||||| |||| 00| 0 eng d
041 _aeng
080 _a043.3
100 _a0
101 _aSHKI-BTH
245 _aKrahasimi i CMS platformave, Wordpress dhe Umbraco për ndërtimin e ueb faqeve të korporatave
_cRashiti,Sh
942 _2udc
_cBK
999 _c45460
_d45460